000 00632nam a2200241Ia 4500
003 OSt
005 20221005090711.0
006 a|||||r|||| 00| 0
007 ta
008 221004b |||||||| |||| 00| 0 eng d
024 _a122616
037 _bGift, 29/10/2012,
_cTextual
040 _aCRL
_cCRL
_beng
041 _2eng
_aeng
082 _aA, J7
100 _aPearson Karl
_9344959
245 0 _aGrammar of science
260 _aNew York
_bMeridian Press USA
_c1957
300 _a394p
_ccm.
650 _aSCIENCE
942 _hA, J7
_cTEXL
_2cc
999 _c996243
_d996243